000 01341nam a22002771a 4500
001 25644
003 BD-RjUL
005 20211209050915.0
008 140318s1934 enkb b 001 0 eng d
035 _a(BD-RjUL)25714
040 _aDLC
_cIYU
_dBD-RjUL
_beng
041 _aeng
082 0 0 _a940.18
_bATC 1934
100 1 _aAtiya, Aziz Suryal,
_d1898-1988
_976804
245 1 4 _aThe crusade of Nicopolis /
_cby Aziz Suryal Atiya
260 _aLondon :
_bMethuen,
_c1934.
300 _axii, 234 p. :
_bIII maps ;
_c19 cm.
500 _a"The present study is the final chapter of a projected history of the crusade in the later middle ages."--Pref.
500 _aAppendices: I. Deschamps' poems and the crusade. II. List of members of the Order of passion. III. Philippe de Mézières "Nova religio passionia." IV. Franco-Burgundian levies for crusading preparations. Specimen of individual seignorial expenses. V. Extracts from the Bavyn ms. VI. The "ordonnance" of the Duke of Burgundy. VII. Date of the battle. VIII. Nicoplis to-day (1932): City and battlefield. IX. The ransom. X. Title of sultan.
504 _aBibliography: p. 205-227.
504 _aIncludes index.
650 0 _aNicopolis, Battle of, Nikopol, Bulgaria, 1396.
_978796
650 0 _aCrusades
_y13th-15th centuries.
_977632
942 _2ddc
_cBK
999 _c25644
_d25644